000 00421nam a2200157Ia 4500
008 240126s9999 xx 000 0 und d
041 _aEnglish
082 _aLIBRARY-VI
245 0 _aIndian Journal of Chemistry: Section B (2005 -
260 _bCSIR
_aNew Delhi
440 _aNULL
520 _aSubs. No : 0261 J/2011/0258
650 _aChemistry
650 _aChemistry:,Section,B,(2005,-,Chemistry
942 _cJN
999 _c272736
_d272736